載入...

Recent researches in estuarine biology

書目詳細資料
其他作者: Natarajan, R. (Editor)
格式: Printed Book
語言:English
主題:
LEADER 00542nam a2200157 a 4500
005 20151028162118.0
008 960221s1955 dcuabcdjdbkoqu001 0deng d
003 ViArRB
082 |a 574.92  |b L5 
100 |a Natarajan, R.  |e Editor  |9 21163 
245 |a  Recent researches in estuarine biology 
653 |a Marine biology  |a Biological oceanography  |a Biology  |a marine  |a Ocean life 
942 |c BK  |6 _ 
942 |c BK 
999 |c 75323  |d 75323 
952 |0 0  |1 0  |4 0  |6 57492_L5  |7 0  |9 87870  |a SOS   |b SOS  |d 0000-00-00  |l 1  |o 574.92 L5  |p MS002756  |r 2015-09-23  |s 2015-09-23  |w 2009-07-13  |y BK